Ordinary differential equations with applications (Record no. 7097)

MARC details
000 -LEADER
fixed length control field 00585 a2200205 4500
001 - CONTROL NUMBER
control field 132747
003 - CONTROL NUMBER IDENTIFIER
control field OSt
005 - DATE AND TIME OF LATEST TRANSACTION
control field 20220331154218.0
008 - FIXED-LENGTH DATA ELEMENTS--GENERAL INFORMATION
fixed length control field
020 ## - INTERNATIONAL STANDARD BOOK NUMBER
International Standard Book Number 9780387307695
082 ## - DEWEY DECIMAL CLASSIFICATION NUMBER
Classification number 515.35
Item number C43O
100 1# - MAIN ENTRY--PERSONAL NAME
Personal name Chicone, Carmen
245 1# - TITLE STATEMENT
Title Ordinary differential equations with applications
Statement of responsibility, etc by Carmen Chicone
250 ## - EDITION STATEMENT
Edition statement 2nd ed.
260 ## - PUBLICATION, DISTRIBUTION, ETC. (IMPRINT)
Place of publication, distribution, etc New Delhi
Name of publisher, distributor, etc Springer
Date of publication, distribution, etc 2006
300 ## - PHYSICAL DESCRIPTION
Extent 636p.
490 ## - SERIES STATEMENT
Series statement Texts in applied mathematics
690 ## - LOCAL SUBJECT ADDED ENTRY--TOPICAL TERM (OCLC, RLIN)
Topical term or geographic name as entry element Differential equations; Physics; Differentiable dynamical systems
942 ## - ADDED ENTRY ELEMENTS (KOHA)
Source of classification or shelving scheme Dewey Decimal Classification
Koha item type Books
Holdings
Withdrawn status Lost status Source of classification or shelving scheme Damaged status Not for loan Collection code Home library Current library Date acquired Source of acquisition Total Checkouts Full call number Barcode Date last seen Date checked out Price effective from Koha item type
    Dewey Decimal Classification     General Text Book Central University Of Rajasthan Central University Of Rajasthan 26/07/2012 MTH 2 515.35 C43O 10575 24/12/2025 12/12/2025 02/09/2020 Books
    Dewey Decimal Classification     General Text Book Central University Of Rajasthan Central University Of Rajasthan 28/06/2012 MTH 3 515.35 C43O 10279 12/12/2025 28/11/2025 02/09/2020 Books